Normal view
MARC view
Entry Personal Name
001 - CONTROL NUMBER
- control field: 8446
003 - CONTROL NUMBER IDENTIFIER
- control field: BD-RjUL
005 - DATE AND TIME OF LATEST TRANSACTION
- control field: 20230821145943.0
008 - FIXED-LENGTH DATA ELEMENTS
- fixed length control field: 230821|| aca||aabn | a|a d
040 ## - CATALOGING SOURCE
- Original cataloging agency: BD-RjUL
- Transcribing agency: BD-RjUL
100 ## - HEADING--PERSONAL NAME
- Personal name: সালিম, মো.আদনান আরিফ
670 ## - SOURCE DATA FOUND
- Source citation: Work cat.: (BD-RjUL)81733: শাহনাওয়াজ, এ কে এম 120311, আধুনিক ইউরোপের ইতিহাস :, ২০১৭ [পুনর্মুদ্রণ ২০২১]